000 01964nam0a2200409 4500
001 RU\NLR\bibl\914805
005 20250614184509.0
010 _a5-94270-040-0
_bв пер.
_92000
021 _aRU
_b2005-85381
_94227
035 _a(nilc)RSL-KNO-002809228
035 _a(NLR Aleph) 000903116
090 _a6390
_c6390
100 _a20051226d2005 |||y0rusy50 ca
101 1 _arus
_cita
102 _aRU
105 _ay |||||||||
106 _ar
200 1 _aБог в поисках человека. Откровение, Писание, Предание
_fВенделин Кнох
_g[пер. с итал.: А. Черняков]
210 _aМосква
_cХристианская Россия
_d2005
_gППП Тип. Наука
215 _a326, [1] с.
_d22
225 1 _aAmateca
_eManuali di Teologia Cattolica
300 _aНа развороте тит. л.: Got sucht den Menschen. Offenbarung, Schrift, Tradition / Wendelin Knoch
320 _aБиблиогр. в подстроч. примеч.
454 0 _12001#$aGot sucht den Menschen. Offenbarung, Schrift, Tradition
_1700#1$aKnoch$bW.$gWendelin Knoch$4070
_tGot sucht den Menschen. Offenbarung, Schrift, Tradition
_aKnoch, Wendelin Knoch
517 0 _aОткровение, Писание, Предание
606 1 _aБогословие католическое
_9994195
_3RU\NLR\auth\6658175
610 0 _aРелигия -- Христианство -- Католицизм -- Католическое вероучение. Католическое богословие -- Католическая догматика. Догматическое богословие -- Бог
686 _aЭ375-421.1,0
_2rubbk
686 _aЭ375-4
700 1 _aКнох
_bВ.
_gВенделин
_4070
801 0 _aRU
_bРКП
_c20051226
801 1 _aRU
_bРГБ
_c20051226
801 2 _aRU
_bNLR
_c20060310
_grcr
942 _cBOOK
980 _aNB